La thérapie familiale au quotidien, parcours alphabétique Vincent Laupies et Michel Rendu Editions de L’Harmattan Collection « Thérapies familiales aujourd’hui » Paris, 2004 (notice n° 1598150)
[ vue normale ]
| 000 -LEADER | |
|---|---|
| fixed length control field | 00619cam a2200145 4500500 |
| 005 - DATE AND TIME OF LATEST TRANSACTION | |
| control field | 20251228075731.0 |
| 041 ## - LANGUAGE CODE | |
| Language code of text/sound track or separate title | fre |
| 042 ## - AUTHENTICATION CODE | |
| Authentication code | dc |
| 100 10 - MAIN ENTRY--PERSONAL NAME | |
| Personal name | Le Goff, Jean-François |
| Relator term | author |
| 245 00 - TITLE STATEMENT | |
| Title | La thérapie familiale au quotidien, parcours alphabétique Vincent Laupies et Michel Rendu Editions de L’Harmattan Collection « Thérapies familiales aujourd’hui » Paris, 2004 |
| 260 ## - PUBLICATION, DISTRIBUTION, ETC. | |
| Date of publication, distribution, etc. | 2005.<br/> |
| 500 ## - GENERAL NOTE | |
| General note | 1 |
| 786 0# - DATA SOURCE ENTRY | |
| Note | Thérapie Familiale | 26 | 3 | 2005-09-01 | p. 315b-323b | 0250-4952 |
| 856 41 - ELECTRONIC LOCATION AND ACCESS | |
| Uniform Resource Identifier | <a href="https://shs.cairn.info/revue-therapie-familiale-2005-3-page-315b?lang=fr&redirect-ssocas=7080">https://shs.cairn.info/revue-therapie-familiale-2005-3-page-315b?lang=fr&redirect-ssocas=7080</a> |
Pas d'exemplaire disponible.




Réseaux sociaux